Statystyki dla Skład Borussi Dortmund w Bundeslidze 2023/24

Kliknij tutaj aby rozwiązać quiz!

Ogólne statystyki

  • Ten quiz został rozwiązany 54 razy
  • Średni wynik to 19 z 28

Statystyki odpowiedzi

NumerZawodnik% Poprawnych
1Gregor Kobel
100%
25Niklas Sule
96%
11Marco Reus
93%
15Mats Hummels
91%
4Nico Schlotterbeck
91%
27Karim Adeyemi
87%
21Donyell Malen
84%
23Emre Can
84%
19Julian Brandt
84%
14Niclas Fullkrug
84%
9Sebastien Haller
84%
18Youssoufa Moukoko
84%
26Julian Ryerson
76%
43Jamie Bynoe-Gittens
71%
17Marius Wolf
71%
20Marcel Sabitzer
69%
6Salih Ozcan
69%
35Marcel Lotka
64%
5Ramy Bensebaini
62%
7Giovanni Reyna
56%
33Alexander Meyer
53%
2Mateu Morey
51%
8Felix Nmecha
49%
24Thomas Meunier
47%
16Julien Duranville
38%
47Antonios Papadopoulos
22%
32Abdoulaye Kamara
13%
30Ole Pohlmann
13%

Rozkład punktacji

Percentyl według liczby udzielonych odpowiedzi

Procent ludzi z każdym wynikiem

Twoja historia wyników

Nie rozwiązałeś tego quizu